Markets (Record no. 83930)

MARC details
000 -LEADER
fixed length control field 01153cab a22002295a 4500
001 - CONTROL NUMBER
control field L155908
008 - FIXED-LENGTH DATA ELEMENTS--GENERAL INFORMATION
fixed length control field 120420e2012 xxk 000 0 eng d
035 ## - SYSTEM CONTROL NUMBER
System control number (Sirsi) u155908
041 0# - LANGUAGE CODE
Language code of text/sound track or separate title eng
100 1# - MAIN ENTRY--PERSONAL NAME
Personal name Eade, Christine
245 00 - TITLE STATEMENT
Title Markets
Remainder of title Hampshire, Dorset and Wiltshire
260 ## - PUBLICATION, DISTRIBUTION, ETC.
Date of publication, distribution, etc. 2012
490 #0 - SERIES STATEMENT
Series statement Property Week
Volume/sequential designation 78(16) 20 April 2012, 55- 60(4)
520 ## - SUMMARY, ETC.
Summary, etc. Two developers are planning cinemas for 30 000 population Trowbridge which currently has no cinema. Low office take-up in Southampton city centre prompts rethink by developer to submit planning application for student accommodation. Examines the future of three of the region's shopping centres: Dolphin centre, Poole; Eastleigh's Swan Centre; and Whiteley Village near the M27 and Fareham. MEPC and Muse Developments work hard to enliven Basingstoke's Chineham Park and Basing View offices. £65m of infrastructure work has begun on Newlands, Grainger's new village at Waterlooville.
590 ## - LOCAL NOTE (RLIN)
Local note KA
651 #4 - SUBJECT ADDED ENTRY--GEOGRAPHIC NAME
Geographic name Hampshire
651 #4 - SUBJECT ADDED ENTRY--GEOGRAPHIC NAME
Geographic name Wiltshire
651 #4 - SUBJECT ADDED ENTRY--GEOGRAPHIC NAME
Geographic name Dorset
690 ## - LOCAL SUBJECT ADDED ENTRY--TOPICAL TERM (OCLC, RLIN)
Topical term or geographic name as entry element Commercial property
9 (RLIN) 6227
690 ## - LOCAL SUBJECT ADDED ENTRY--TOPICAL TERM (OCLC, RLIN)
Topical term or geographic name as entry element Residential property
9 (RLIN) 6266
942 ## - ADDED ENTRY ELEMENTS (KOHA)
Suppress in OPAC 0
Holdings
Withdrawn status Lost status Source of classification or shelving scheme Damaged status Not for loan Home library Current library Shelving location Date acquired Total Checkouts Full call number Barcode Date last seen Price effective from Koha item type
    Dewey Decimal Classification     London London Journal article 20/04/2012   L155908 155908-1001 06/08/2019 06/08/2019 Journal